Harry Potter And The Goblet Of Fire: Every Character From The Book - Statistics

General Stats
  • This quiz has been taken 88 times
  • The average score is 50 of 141
Answer Stats
Answer % Correct
Harry Potter
98%
Ronald Weasley
95%
Hermione Granger
93%
Molly Weasley
83%
Minerva McGonagall
81%
Arthur Weasley
79%
George Weasley
79%
Tom Riddle Jr.
79%
Albus Dumbledore
76%
Fred Weasley
76%
Sirius Black
76%
Peter Pettigrew
74%
Severus Snape
74%
Viktor Krum
74%
Fleur Delacour
71%
Ginny Weasley
71%
Rubeus Hagrid
71%
Cedric Diggory
69%
Draco Malfoy
64%
Igor Karkaroff
64%
Neville Longbottom
64%
Olympe Maxime
64%
Percy Weasley
64%
Petunia Dursley
64%
Remus Lupin
64%
Seamus Finnigan
64%
Bill Weasley
62%
Dean Thomas
62%
Frank Bryce
62%
Vernon Dursley
62%
Winky
62%
Amos Diggory
60%
Charlie Weasley
60%
Cho Chang
60%
Dobby
60%
Gregory Goyle
60%
Lucius Malfoy
60%
Vincent Crabbe
60%
Crabbe
57%
Dudley Dursley
57%
Goyle
57%
Ludo Bagman
57%
Padma Patil
57%
Parvati Patil
57%
Tom Riddle Sr.
57%
Cornelius Fudge
55%
Rita Skeeter
55%
Sybil Trelawney
55%
Alastor Moody
52%
Hedwig
52%
Angelina Johnson
48%
Bertha Jorkins
48%
Narcissa Malfoy
48%
Pomona Sprout
48%
Poppy Pomfrey
48%
Filius Flitwick
45%
Gabrielle Delacour
45%
Lavender Brown
45%
Pigwidgeon
45%
Colin Creevey
40%
Lee Jordan
40%
Crookshanks
38%
Ernie Macmillan
38%
Fang
38%
Hannah Abbot
38%
Oliver Wood
38%
Peeves
38%
Bartemius Crouch Jr.
36%
Bartemius Crouch Sr.
36%
Buckbeak
36%
Dennis Creevey
36%
Nicholas De Mimsy-Porpinton
36%
Errol
33%
Hermes
31%
Nagini
29%
Roman Ungern Von Sternberg
29%
Godric Gryffindor
24%
Mullet
24%
Roger Davies
24%
Salazar Slytherin
24%
Troy
24%
Helga Hufflepuff
21%
Nott
21%
Rowena Ravenclaw
21%
Septima Vector
21%
The Fat Friar
21%
Ivan Volkov
19%
Mr. Roberts
19%
Mrs. Roberts
19%
Quigley
19%
Aurora Sinistra
17%
Connolly
17%
Irma Pince
17%
Lev Zograf
17%
Macnair
17%
Moran
17%
Stan Shunpike
17%
Vasily Dimitrov
17%
Aiden Lynch
14%
Arabella Figg
12%
Hassan Mostafa
12%
Barry Ryan
10%
Bode
10%
Evan Rosier
10%
Garrick Olivander
10%
Mykew Gregorovitch
10%
Aberforth Dumbledore
7%
Antonin Dolohov
7%
Avery
7%
Kevin
7%
Kevin Whitby
7%
Mundungus Fletcher
7%
Otto Bagman
7%
Agatha Timms
5%
Ali Bashir
5%
Archie Aymslowe
5%
Argus Filtch
5%
Arnold Peasegood
5%
Basil
5%
Bertie Bott
5%
Clara Ivanova
5%
Cuthbert Mockridge
5%
Dot
5%
Gilbert Wimple
5%
Graham Pritchard
5%
Malcolm Baddock
5%
Mr. Payne
5%
Roddy Ponter
5%
Saul Croaker
5%
Alexei Levskri
2%
Boris Vulchanov
2%
Eleanor Branstone
2%
Emma Dobbs
2%
Laura Madley
2%
Mrs. Skower
2%
Natalie McDonald
2%
Oblansk
2%
Orla Quirke
2%
Owen Cauldwell
2%
Stewart Ackerley
2%
Willis
2%
No matching quizzes found
Score Distribution
Percent of People with Each Score
Percentile by Number Answered
Your Score History
You have not taken this quiz